Historia del Teatro Dramatico / (Record no. 99)

000 -CABECERA
fixed length control field 00937nam a22002297a 4500
003 - IDENTIFICADOR DEL NÚMERO DE CONTROL
control field AR-CdUCM
008 - DATOS DE LONGITUD FIJA--INFORMACIÓN GENERAL
fixed length control field 190221b ||||| |||| 00| 0 spn d
040 ## - FUENTE DE LA CATALOGACIÓN
Agencia/entidad que catalogó originalmente la obra MUNICIPALIDAD PROVINCIAL DEL CUSCO
Entidad que transcribió la catalogación BIBLIOTECA MUNICIPAL DEL CUSCO
082 ## - NÚMERO DE LA CLASIFICACIÓN DECIMAL DEWEY
No. de Clasificación 869.1 /
Notacion interna D99
100 ## - ENTRADA PRINCIPAL--NOMBRE DE PERSONA
Nombre Personal D´amico, Silvio
245 ## - MENCIÓN DE TÍTULO
Título Historia del Teatro Dramatico /
Mención de responsabilidad D´amico, Silvio
260 ## - PUBLICACIÓN, DISTRIBUCIÓN, ETC.
Lugar de publicación, distribución, etc. Mexico
Nombre de la editorial, distribuidor, etc. Hispano Americana
Fecha de publicación, distribución, etc. 1961
300 ## - DESCRIPCIÓN FÍSICA
Nº de Páginas Extensión 239 paginas ;
Dimensiones 21cm
505 ## - NOTA DE CONTENIDO CON FORMATO
Nota de contenido formateada Contenido: t.2 -- El drama pastoral y la tragedia humanística en Italia, la comedia italiana del Renacimiento ... t.4 -- La reforma de la escena europea -- El teatro ruso -- El teatro español -- El drama alemán después de la primera guerra mundial
650 ## - PUNTO DE ACCESO ADICIONAL DE MATERIA--TÉRMINO DE MATERIA
Descriptor Grecia y roma
9 (RLIN) 453
650 ## - PUNTO DE ACCESO ADICIONAL DE MATERIA--TÉRMINO DE MATERIA
Descriptor Edad media
9 (RLIN) 454
650 ## - PUNTO DE ACCESO ADICIONAL DE MATERIA--TÉRMINO DE MATERIA
Descriptor El siglo XIX
9 (RLIN) 455
650 ## - PUNTO DE ACCESO ADICIONAL DE MATERIA--TÉRMINO DE MATERIA
Descriptor El teatro contemporaneo
9 (RLIN) 456
700 ## - PUNTO DE ACCESO ADICIONAL--NOMBRE DE PERSONA
Nombre Personal Samper, Baltasar
9 (RLIN) 457
942 ## - ELEMENTOS DE PUNTO DE ACCESO ADICIONAL (KOHA)
Fuente de clasificación
Tipo de item Libros-BMC
945 ## - PROCESAMIENTO DE INFORMACIÓN LOCAL (OCLC)
Catalogador pjha
AAAA-MM-DD - Fecha de ingreso o modificacion 2019-02-21
Holdings
Estado de retiro (separado) Fuente de clasificación o esquema de estanterías Estado dañado Ubicación Sala donde se ubica Nombre de la colección Fecha de adquisición o compra Costo, precio normal en soles Signatura topográfica Código de Barras Última vez visto (Koha) Tipo de ítem (Koha)
No     Sala Humanidades Sala Humanidades Book Cart 2019-02-21 30.00 869.1 / D99 / t.4 SH0000000214 2019-02-21 Libros-BMC
No     Sala Humanidades Sala Humanidades Book Cart 2019-02-21 20.00 869.1 / D99 / t.2 SH0000000028 2019-02-21 Libros-BMC

Powered by Koha